[Event "ASEAN IM 3rd"]
[Site "Bangkok"]
[Date "2004.06.28"]
[Round "9"]
[White "Theerapappisit, Wisuwat"]
[Black "Cain, Celestino"]
[Result "1-0"]
[WhiteElo "2271"]
[BlackElo "2310"]
[PlyCount "95"]
[EventDate "2004.06.22"]
[EventType "tourn"]
[EventRounds "10"]
[EventCountry "THA"]
[EventCategory "4"]
[SourceTitle "CBM 101 Extra"]
[Source "ChessBase"]
[SourceDate "2004.09.01"]
[SourceVersion "2"]
[SourceVersionDate "2004.09.01"]
[SourceQuality "1"]

1. e4 e5 2. Nf3 Nc6 3. Bc4 Nf6 4. Ng5 d5 5. exd5 Na5 6. Bb5+ c6 7. dxc6 bxc6 8. Bd3 Bc5 9. 0-0 h6 10. Ne4 Nb7 11. Nbc3 Bd4 12. Nxf6+ Qxf6 13. Ne4 Qe6 14. Ng3 Nd6 15. c3 Bb6 16. Qa4 0-0 17. Bc2 Bd7 18. d3 c5 19. Qh4 Rac8 20. Bb3 c4 21. dxc4 Nxc4 22. Ne4 Bb5 23. Rd1 Rc6 24. h3 a5 25. a4 Ba6 26. Nd2 Rd8 27. Re1 Qf5 28. Nxc4 Bxc4 29. Bxc4 Rxc4 30. Qg3 Rc6 31. Be3 Rg6 32. Qh2 Bxe3 33. Rxe3 Rd2 34. Rf1 f6 35. b3 Qc2 36. Rg3 Rd1 37. Re3 Qxb3 38. h4 Qxa4 39. Qh3 Rxf1+ 40. Kxf1 Qc4+ 41. Kg1 a4 42. Qf5 Rg4 43. Rd3 a3 44. Rd8+ Kf7 45. h5 Rxg2+ 46. Kxg2 Qc6+ 47. Kh2 Ke7 48. Qc8 1-0

[Event "ASEAN IM 3rd"]
[Site "Bangkok"]
[Date "2004.06.24"]
[Round "5"]
[White "Nay, Oo Kyaw Tun"]
[Black "Cain, Celestino"]
[Result "1/2-1/2"]
[WhiteElo "2431"]
[BlackElo "2310"]
[PlyCount "165"]
[EventDate "2004.06.22"]
[EventType "tourn"]
[EventRounds "10"]
[EventCountry "THA"]
[EventCategory "4"]
[SourceTitle "CBM 101 Extra"]
[Source "ChessBase"]
[SourceDate "2004.09.01"]
[SourceVersion "2"]
[SourceVersionDate "2004.09.01"]
[SourceQuality "1"]

1. e4 e5 2. Nf3 Nc6 3. Bb5 a6 4. Ba4 Nf6 5. d4 exd4 6. e5 Ne4 7. 0-0 Nc5 8. Bxc6 dxc6 9. Qxd4 Bf5 10. Bg5 Qc8 11. Qc4 Qe6 12. Qxe6+ Nxe6 13. c3 Nxg5 14. Nxg5 Rd8 15. Nf3 Be7 16. Nbd2 c5 17. Rfe1 0-0 18. h3 h6 19. Ne4 Rd3 20. Ng3 Be6 21. Ne2 g5 22. Nc1 Rd7 23. Nb3 b6 24. Rad1 Rfd8 25. Rxd7 Rxd7 26. Re2 Rd1+ 27. Re1 Rd8 28. Re2 a5 29. Kh2 Kg7 30. Rd2 Ra8 31. Nc1 b5 32. a3 h5 33. Ne2 Kg6 34. Ng3 g4 35. hxg4 hxg4 36. Ne1 Bg5 37. Rd1 c4 38. Ne2 Rh8+ 39. Kg1 c5 40. Ng3 Bf4 41. Ne4 Bh2+ 42. Kf1 Bxe5 43. Nxc5 Bf5 44. Nd7 Bc7 45. Rd4 Rd8 46. Ne5+ Kh5 47. Rxd8 Bxd8 48. Ke2 Bc7 49. Nc6 Kg5 50. Nd4 Bd7 51. Nec2 a4 52. Ne3 Be5 53. g3 f5 54. f4+ gxf3+ 55. Nxf3+ Kf6 56. Nd5+ Ke6 57. Nf4+ Kd6 58. Nxe5 Kxe5 59. Ke3 Bc6 60. Ne2 Be8 61. Nd4 Kf6 62. Kf4 Bd7 63. Nc2 Bc8 64. Ne3 Be6 65. Ng2 Bc8 66. Nh4 Be6 67. Nf3 Bc8 68. Ke3 Bd7 69. Kd4 Bc6 70. Ne5 Bh1 71. Nd7+ Kg5 72. Ne5 Kf6 73. Nd7+ Kg5 74. Ke3 Kg4 75. Kf2 f4 76. gxf4 Kxf4 77. Ke2 Bc6 78. Nc5 Bf3+ 79. Kd2 Bg4 80. Na6 Ke4 81. Nc7 Bd7 82. Na6 Bc6 83. Nb4 1/2-1/2

[Event "ASEAN IM 3rd"]
[Site "Bangkok"]
[Date "2004.06.23"]
[Round "4"]
[White "Cain, Celestino"]
[Black "Theerapappisit, Wisuwat"]
[Result "1-0"]
[WhiteElo "2310"]
[BlackElo "2271"]
[PlyCount "81"]
[EventDate "2004.06.22"]
[EventType "tourn"]
[EventRounds "10"]
[EventCountry "THA"]
[EventCategory "4"]
[SourceTitle "CBM 101 Extra"]
[Source "ChessBase"]
[SourceDate "2004.09.01"]
[SourceVersion "2"]
[SourceVersionDate "2004.09.01"]
[SourceQuality "1"]

1. e4 c5 2. Nf3 e6 3. d4 cxd4 4. Nxd4 a6 5. Bd3 b5 6. 0-0 Bb7 7. Be3 Qc7 8. a4 b4 9. Nd2 Nf6 10. Bg5 Nc6 11. Nxc6 Qxc6 12. Qf3 Be7 13. Rfe1 h6 14. Bf4 d6 15. Nc4 e5 16. Na5 Qc7 17. Nxb7 Qxb7 18. Bd2 0-0 19. Bc4 a5 20. Rad1 Qd7 21. b3 Qg4 22. Qd3 h5 23. h3 Qg6 24. h4 Nd7 25. Qh3 Nc5 26. Bg5 Bxg5 27. hxg5 Rad8 28. Qf5 Kh7 29. Re3 Ne6 30. Rd5 Nxg5 31. Rxa5 Ne6 32. Bxe6 fxe6 33. Qxg6+ Kxg6 34. Ra6 Rd7 35. Rb6 Rc8 36. Re2 Rdc7 37. Rxb4 Rxc2 38. Rxc2 Rxc2 39. a5 d5 40. a6 Rc7 41. Ra4 1-0

[Event "ASEAN IM 3rd"]
[Site "Bangkok"]
[Date "2004.06.22"]
[Round "1"]
[White "Aung Aung, Aung Myo Hlaing"]
[Black "Cain, Celestino"]
[Result "1-0"]
[WhiteElo "2524"]
[BlackElo "2310"]
[PlyCount "89"]
[EventDate "2004.06.22"]
[EventType "tourn"]
[EventRounds "10"]
[EventCountry "THA"]
[EventCategory "4"]
[SourceTitle "CBM 101 Extra"]
[Source "ChessBase"]
[SourceDate "2004.09.01"]
[SourceVersion "2"]
[SourceVersionDate "2004.09.01"]
[SourceQuality "1"]

1. e4 c5 2. Nf3 e6 3. d3 Nc6 4. c3 d5 5. Nbd2 Nf6 6. g3 g6 7. Bg2 Bg7 8. 0-0 0-0 9. Re1 a5 10. b3 Re8 11. Bb2 b6 12. a3 Ba6 13. e5 Nd7 14. d4 Rc8 15. Qb1 f6 16. exf6 Qxf6 17. Bh3 Rcd8 18. Qc2 cxd4 19. cxd4 Rc8 20. Qb1 Bh6 21. Kg2 Re7 22. Nf1 Rf8 23. Qd1 Nd8 24. Bc1 Bxc1 25. Rxc1 Bxf1+ 26. Rxf1 Ref7 27. Rc3 Qe7 28. a4 Qb4 29. Re3 Rf6 30. Qe1 Qd6 31. Ne5 h5 32. g4 hxg4 33. Bxg4 Kg7 34. f3 Rh8 35. h3 Nf8 36. Qc3 Rf4 37. Rc1 Kh6 38. h4 Rh7 39. Qd2 Kg7 40. Rec3 Rf7 41. Qg5 Ra7 42. Qf4 Rxh4 43. Rc8 Nf7 44. R1c6 g5 45. Qxf7+ 1-0

[Event "ASEAN IM 3rd"]
[Site "Bangkok"]
[Date "2004.06.22"]
[Round "2"]
[White "Cain, Celestino"]
[Black "Myo, Naing"]
[Result "1/2-1/2"]
[WhiteElo "2310"]
[BlackElo "2425"]
[PlyCount "143"]
[EventDate "2004.06.22"]
[EventType "tourn"]
[EventRounds "10"]
[EventCountry "THA"]
[EventCategory "4"]
[SourceTitle "CBM 101 Extra"]
[Source "ChessBase"]
[SourceDate "2004.09.01"]
[SourceVersion "2"]
[SourceVersionDate "2004.09.01"]
[SourceQuality "1"]

1. c4 c5 2. Nc3 Nc6 3. g3 g6 4. Bg2 Bg7 5. Nf3 e5 6. 0-0 Nge7 7. d3 0-0 8. Rb1 d6 9. a3 a5 10. Bd2 h6 11. Ne1 Be6 12. Nc2 d5 13. cxd5 Nxd5 14. Ne3 Nce7 15. Nexd5 Nxd5 16. Qc1 Kh7 17. Nxd5 Bxd5 18. Qxc5 Bxg2 19. Kxg2 e4 20. Qb5 exd3 21. exd3 Re8 22. Rfe1 Rxe1 23. Rxe1 Ra6 24. Qxb7 Qxd3 25. Re3 Qd6 26. Rf3 Rb6 27. Qxf7 Qxd2 28. b3 Rd6 29. h4 h5 30. Rf4 Qe1 31. Qb7 Rd1 32. Kh3 Qh1+ 33. Qxh1 Rxh1+ 34. Kg2 Rb1 35. b4 axb4 36. Rxb4 Ra1 37. a4 Ra3 38. Kf1 Bc3 39. Rc4 Ba5 40. Rf4 Ra2 41. Kg2 Bb6 42. Kf1 Kg7 43. Kg1 Bc7 44. Rc4 Be5 45. Kg2 Kf6 46. Rc6+ Kf5 47. Rc4 Ke6 48. Rb4 Bd6 49. Rd4 Bc5 50. Rf4 Ke5 51. Kf1 Bd4 52. Kg2 Rxa4 53. Rf8 Ra2 54. Rf4 Bc5 55. Rf7 Rb2 56. Rf4 Bd4 57. Rf3 Ke4 58. Rf7 Kd3 59. Rf4 Kc4 60. Kf1 Kd5 61. Kg2 Ke5 62. Rf8 Rb6 63. Rf7 Rf6 64. Rxf6 Kxf6 65. f3 Kf5 66. Kh3 Bf2 67. g4+ hxg4+ 68. fxg4+ Kf4 69. g5 Bxh4 70. Kxh4 Kf5 71. Kh3 Kxg5 72. Kg3 1/2-1/2

[Event "ASEAN IM 2nd"]
[Site "Bangkok"]
[Date "2004.06.13"]
[Round "1"]
[White "Cain, Celestino"]
[Black "Aung Aung, Aung Myo Hlaing"]
[Result "1-0"]
[WhiteElo "2310"]
[BlackElo "2524"]
[PlyCount "55"]
[EventDate "2004.06.13"]
[EventType "tourn"]
[EventRounds "10"]
[EventCountry "THA"]
[EventCategory "6"]
[SourceTitle "EXT 2005"]
[Source "ChessBase"]
[SourceDate "2004.11.15"]
[SourceVersion "1"]
[SourceVersionDate "2004.11.15"]
[SourceQuality "1"]

1. e4 e6 2. d4 d5 3. Nd2 dxe4 4. Nxe4 Bd7 5. Nf3 Bc6 6. Bd3 Nd7 7. 0-0 Ngf6 8. Qe2 Be7 9. c4 0-0 10. Bd2 Re8 11. Bc3 a5 12. a3 a4 13. Rad1 Rb8 14. Neg5 Bxf3 15. Qxf3 Nf8 16. Rfe1 c6 17. d5 cxd5 18. cxd5 exd5 19. Bb5 Qc7 20. Bxe8 Rxe8 21. Rxd5 Rc8 22. Rb5 b6 23. g3 h6 24. Ne4 Nxe4 25. Qxe4 Ne6 26. Rf5 Bxa3 27. Qxa4 Bc5 28. Rd5 1-0

[Event "ASEAN IM 1st"]
[Site "Bangkok"]
[Date "2004.06.09"]
[Round "7"]
[White "Myo, Naing"]
[Black "Cain, Celestino"]
[Result "1/2-1/2"]
[WhiteElo "2425"]
[BlackElo "2310"]
[PlyCount "69"]
[EventDate "2004.06.04"]
[EventType "tourn"]
[EventRounds "10"]
[EventCountry "THA"]
[EventCategory "5"]
[SourceTitle "CBM 100 Extra"]
[Source "ChessBase"]
[SourceDate "2004.07.06"]
[SourceVersion "2"]
[SourceVersionDate "2004.07.06"]
[SourceQuality "1"]

1. e4 c5 2. Nf3 e6 3. d4 cxd4 4. Nxd4 Nf6 5. Nc3 Bb4 6. e5 Nd5 7. Qg4 0-0 8. Bd2 f5 9. Qh3 Nc6 10. Nxc6 bxc6 11. Bd3 Qa5 12. 0-0 Nxc3 13. bxc3 Be7 14. Rfe1 Ba6 15. Bxa6 Qxa6 16. Qd3 Qxd3 17. cxd3 Rfb8 18. Rab1 Rb6 19. Be3 c5 20. Rb3 Rab8 21. Reb1 Kf7 22. f4 Ke8 23. c4 Rxb3 24. Rxb3 Rxb3 25. axb3 a6 26. Kf2 Kd8 27. Ke2 Kc7 28. Kd2 Kc6 29. Kc3 Bd8 30. Kc2 Ba5 31. Bf2 Bd8 32. Kc3 Ba5+ 33. Kc2 Bd8 34. Kc3 Ba5+ 35. Kc2 1/2-1/2

[Event "ASEAN IM 1st"]
[Site "Bangkok"]
[Date "2004.06.09"]
[Round "8"]
[White "Yeo, Min Yang Evan"]
[Black "Cain, Celestino"]
[Result "1/2-1/2"]
[WhiteElo "2246"]
[BlackElo "2310"]
[PlyCount "68"]
[EventDate "2004.06.04"]
[EventType "tourn"]
[EventRounds "10"]
[EventCountry "THA"]
[EventCategory "5"]
[SourceTitle "CBM 100 Extra"]
[Source "ChessBase"]
[SourceDate "2004.07.06"]
[SourceVersion "2"]
[SourceVersionDate "2004.07.06"]
[SourceQuality "1"]

1. e4 e6 2. d4 d5 3. Nd2 c5 4. exd5 exd5 5. Bb5+ Nc6 6. Ngf3 Bd6 7. 0-0 Nge7 8. dxc5 Bxc5 9. Nb3 Bb6 10. Nbd4 0-0 11. Be3 Bg4 12. Be2 Re8 13. c3 Ng6 14. Re1 Rc8 15. h3 Nxd4 16. Nxd4 Bxe2 17. Rxe2 Qf6 18. Qa4 Re7 19. Rae1 h6 20. Nf3 Rce8 21. Qd1 Bxe3 22. fxe3 Qa6 23. Nd4 Qxa2 24. Nf5 Re5 25. Rf2 Qa6 26. Ref1 Rf8 27. Qg4 Re4 28. Qg3 Qb6 29. h4 h5 30. Qg5 Qd8 31. Qxh5 Nxh4 32. Nxg7 Qe7 33. Nf5 Nxf5 34. Rxf5 f6 1/2-1/2

[Event "ASEAN IM 2nd"]
[Site "Bangkok"]
[Date "2004.??.??"]
[Round "9"]
[White "Myo, Naing"]
[Black "Cain, Celestino"]
[Result "1/2-1/2"]
[WhiteElo "2425"]
[BlackElo "2310"]
[PlyCount "65"]
[EventDate "2004.06.13"]
[EventType "tourn"]
[EventRounds "10"]
[EventCountry "THA"]
[EventCategory "6"]
[SourceTitle "EXT 2005"]
[Source "ChessBase"]
[SourceDate "2004.11.15"]
[SourceVersion "1"]
[SourceVersionDate "2004.11.15"]
[SourceQuality "1"]

1. d4 Nf6 2. c4 e6 3. Nf3 d5 4. g3 c5 5. cxd5 exd5 6. Bg2 Nc6 7. 0-0 h6 8. Nc3 Be7 9. dxc5 Bxc5 10. Na4 Be7 11. Be3 0-0 12. Rc1 Ne4 13. Nd4 Bd7 14. Nc3 Nxc3 15. Rxc3 Nxd4 16. Bxd4 Bc6 17. a3 Qa5 18. Rd3 Rad8 19. b4 Qa6 20. Qa1 f6 21. Rfd1 Bb5 22. R3d2 Rfe8 23. e3 Bc4 24. Bb2 Qb5 25. Rd4 a5 26. bxa5 Qxa5 27. R1d2 Kf8 28. Qd1 Bc5 29. Rf4 Bb3 30. Qe2 Bc4 31. Qd1 Bb3 32. Qe2 Bc4 33. Qd1 1/2-1/2

[Event "ASEAN IM 2nd"]
[Site "Bangkok"]
[Date "2004.??.??"]
[Round "7"]
[White "Nay, Oo Kyaw Tun"]
[Black "Cain, Celestino"]
[Result "1/2-1/2"]
[WhiteElo "2430"]
[BlackElo "2310"]
[PlyCount "74"]
[EventDate "2004.06.13"]
[EventType "tourn"]
[EventRounds "10"]
[EventCountry "THA"]
[EventCategory "6"]
[SourceTitle "EXT 2005"]
[Source "ChessBase"]
[SourceDate "2004.11.15"]
[SourceVersion "1"]
[SourceVersionDate "2004.11.15"]
[SourceQuality "1"]

1. e4 c5 2. c3 e6 3. d4 d5 4. exd5 exd5 5. Nf3 Nc6 6. Bb5 Bd6 7. 0-0 Nge7 8. dxc5 Bxc5 9. Nbd2 0-0 10. Nb3 Bb6 11. Nbd4 Nxd4 12. Nxd4 Nf5 13. Nxf5 Bxf5 14. Qe2 a6 15. Qe5 Bc2 16. Qe2 Be4 17. Bd3 Re8 18. Bxe4 Rxe4 19. Qd3 Qe7 20. Qxd5 Rd8 21. Qb3 Rd6 22. Be3 Bxe3 23. fxe3 Rxe3 24. Rf2 Re1+ 25. Rxe1 Qxe1+ 26. Rf1 Qe3+ 27. Kh1 Rf6 28. Rd1 Qd3 29. h3 Rf1+ 30. Rxf1 Qxf1+ 31. Kh2 Qf4+ 32. Kh1 Qf1+ 33. Kh2 Qf4+ 34. Kg1 Qe3+ 35. Kf1 Qf4+ 36. Kg1 Qc1+ 37. Kh2 Qf4+ 1/2-1/2